| 000 | 01261nam a2200301 i 4500 | ||
|---|---|---|---|
| 003 | EG-ScBUE | ||
| 005 | 20240818084647.0 | ||
| 008 | 090803s2004 ua o f 000 0 ara d | ||
| 017 | _a2004 / 13519 | ||
| 020 | _a9770190612 | ||
| 040 |
_aEG-ScBUE _bara _erda _cEG-ScBUE _dEG-ScBUE |
||
| 043 | _af-ua--- | ||
| 082 | 0 | 4 |
_a962 _bم ن ت _222 |
| 100 | 1 |
_aمنتصر، صلاح، _eمؤلف. |
|
| 245 | 1 | 0 |
_aمن عرابي إلى عبد الناصر : _bقراءة جديدة للتاريخ / _cصلاح منتصر. |
| 264 | 1 |
_aالقاهرة : _bدار الشروق، _c2004. |
|
| 300 |
_a163 صفحة : _bصور ؛ _c24 سم. |
||
| 336 |
_2rdacontent _aنص _btxt |
||
| 337 |
_aبدون وسيط _2rdamedia _bn |
||
| 338 |
_aمجلد _bnc _2rdacarrier |
||
| 490 | 0 |
_aمكتبة الأسرة. _aسلسلة الأعمال الخاصة |
|
| 651 | 7 |
_aمصر _xتاريخ _yالعصر الحديث _yالاحتلال البريطاني (1882-1956). _2BUEsh |
|
| 651 | 7 |
_aمصر _xتاريخ _yالعصر الحديث _yالثورة العرابية. _2BUEsh |
|
| 651 | 7 |
_aمصر _xتاريخ _yالعصر الحديث _yجمال عبد الناصر (1954-1970). _2BUEsh |
|
| 651 | 7 |
_aمصر _xتاريخ _xالثورات. _2BUEsh |
|
| 655 | _vReading book | ||
| 942 |
_2ddc _cBB |
||
| 999 |
_c12512 _d12512 |
||